Housebuilding in the 21st century (Record no. 102892)

MARC details
000 -LEADER
fixed length control field 00854cam a2200241 4500
001 - CONTROL NUMBER
control field J122638
008 - FIXED-LENGTH DATA ELEMENTS--GENERAL INFORMATION
fixed length control field 030618n2003 000 0 eng u
035 ## - SYSTEM CONTROL NUMBER
System control number (Sirsi) u122638
041 ## - LANGUAGE CODE
Language code of text/sound track or separate title eng
050 ## - LIBRARY OF CONGRESS CALL NUMBER
Classification number 690.8
-- 18
100 ## - MAIN ENTRY--PERSONAL NAME
Personal name Wier, John
245 ## - TITLE STATEMENT
Title Housebuilding in the 21st century
Medium [videorecording]
260 ## - PUBLICATION, DISTRIBUTION, ETC.
Place of publication, distribution, etc. London
Name of publisher, distributor, etc. RICS
Date of publication, distribution, etc. 2003
490 ## - SERIES STATEMENT
Series statement RICS Multimedia Presentations
490 ## - SERIES STATEMENT
Series statement RICS Regeneration Forum Lecture Series
520 ## - SUMMARY, ETC.
Summary, etc. A 45 minute video presentation by John Weir managing director of Haute Future, architects and advisors to the Peabody Trust, on future developments on house building.
650 ## - SUBJECT ADDED ENTRY--TOPICAL TERM
Topical term or geographic name entry element HOUSE BUILDING
650 ## - SUBJECT ADDED ENTRY--TOPICAL TERM
Topical term or geographic name entry element LOW COST HOUSING
650 ## - SUBJECT ADDED ENTRY--TOPICAL TERM
Topical term or geographic name entry element SOCIAL HOUSING
690 ## - LOCAL SUBJECT ADDED ENTRY--TOPICAL TERM (OCLC, RLIN)
Topical term or geographic name as entry element HOUSING-DEVELOPMENT
710 ## - ADDED ENTRY--CORPORATE NAME
Corporate name or jurisdiction name as entry element Royal Institution of Chartered Surveyors
Subordinate unit Regeneration Forum
9 (RLIN) 4468
942 ## - ADDED ENTRY ELEMENTS (KOHA)
Suppress in OPAC 0
Holdings
Withdrawn status Lost status Source of classification or shelving scheme Damaged status Not for loan Home library Current library Shelving location Date acquired Total Checkouts Full call number Barcode Date last seen Copy number Price effective from Koha item type
    Dewey Decimal Classification     Virtual Virtual Online 18/06/2003   ONLINE PUBLICATION 122638-1001 06/08/2019 1 06/08/2019 Video